| 000 | 01122cam a2200253 4500 | ||
|---|---|---|---|
| 001 | J122938 | ||
| 008 | 030326n2002 000 0 eng u | ||
| 035 | _a(Sirsi) u122938 | ||
| 041 | _aeng. | ||
| 110 |
_aAssociation of Consulting Engineers _91225 |
||
| 110 |
_aAssociation of Planning Supervisors _91168 |
||
| 245 | _aACE/APS Agreement for Planning Supervisors Agreement 2002 | ||
| 260 |
_aLondon _bACE _c2002 |
||
| 300 |
_a26p. _c31cm. |
||
| 350 | _a24 | ||
| 520 | _aThis agreement is intended for use when the consulting engineer is engaged to act as planning supervisor in accordance with the Construction (Design and Management) Regulations 1994. It should be used in conjunction with the guidance document - 'ACE/APS Agreement 2002 guidance' - a copy of which is included in the folder containing the agreement. | ||
| 650 | _aENGINEERING CONTRACTS | ||
| 650 | _aCONSULTING ENGINEERS | ||
| 650 | _aPLANNING SUPERVISORS | ||
| 650 | _aDESIGN AND BUILD CONTRACTORS | ||
| 650 | _aCONSTRUCTION (DESIGN AND MANAGEMENT) REGULATIONS 1994 | ||
| 690 | _aBUILT ENVIRONMENT-BUILDING CONTRACT FORMS | ||
| 942 | _n0 | ||
| 999 |
_c102962 _d102962 |
||